000 01897nam2a22003491 4500
001 v19\rc\1452633
005 20250618141325.0
035 _a(NLR Aleph) 004592761
090 _a2680031
_c2680031
100 _a20060620d1874 |||y0rusy50 ca
101 0 _arus
102 _aRU
105 _ay z |||||
200 1 _aОписание пергаментных кодексов, содержащих текст Пятикнижия с переводом или один только перевод
_aВарианты к Самаритянскому Таргуму]
210 _d1874
_aБ. м.
215 _a[4], 241-536 с.
300 _aНа обл. дата: 1875
316 _aЭкз. РНБ (Б, 6044/Г204): деф.: нет обл. и тит. л.
_5NLR: Б, 6044/Г204
461 0 _1001v19\rc\1452631
_12001#$aОписание рукописей Самаритянского пятикнижия, хранящихся в Императорской Публичной библиотеке$fСост. А.Я. Гаркави. [Вып. 1-2]$v[Вып. 2
_1700#1$aГаркави$bА. Я.$f1835-1919$gАвраам Яковлевич$3RU\NLR\AUTH\7723050$4220
_92680012
_aГаркави, А. Я. (1835-1919)
_cСанкт-Петербург
_d1874-1875
_fСост. А.Я. Гаркави. [Вып. 1-2]
_nтип. Имп. Акад. наук
_p2 т.
_tОписание рукописей Самаритянского пятикнижия, хранящихся в Императорской Публичной библиотеке
_v[Вып. 2
801 0 _aRU
_bNLR
_gpsbo
801 0 _aRU
_bRuMoRGB
_2psbo
801 1 _aRU
_bProSoft-M
_2rusmarc
852 _aNLR
_bБ
_j6044/Г204
899 _aRuMoRGB
_jR 14/178
899 _aRuMoRGB
_jW 282/485
899 _aRuMoRGB
_jW 469/90
899 _aБАН
899 _aНБ МГУ
899 _aRuMoRGB
_jW 268/82
942 _cBOOK
980 _aNB